00563 2200217 4500001002100000008004100021035002000062245008700082100002600169250000600195260003600201300001200237084001400249082000800263650001400271990001200285990001200297990001200309990001200321990001200333INLIS000000000001154 ind  a0010-0524000389 aSejarah Ringkas Pangeran DiponegoroDan Perang Jawa 1825-1830cWardiman Djojonegoro aDjojonegoro, Wardiman a1 aJakarta :bPT. GramediacApr-19 a200 hlm a900 WAR s a900 aNon Fiksi a0744771 a0744772 a0744773 a0744774 a0744775